01765cam a22002775a 4500999001700000005001700017008004100034020001800075040004000093082001900133245014600152250001200298260006400310300003400374504005100408520067400459650004201133650003401175651001001209653002401219700003001243700003201273776003501305942000801340952013901348 c27278d2724920190327110936.0180606t2018 nyua frb 001 0 eng d z9781138282025 aStDuBDSbengcStDuBDSdUkdEG-ScBUE04a158.3bSPI22200aSpirituality and religion in counseling :bcompetency-based strategies for ethical practice /cedited by Carman S. Gill and Robert R. Freund. a1st ed. aNew York ;aOxon :bRoutledge / Taylor & Francis,cc.2018.  axxi, 227 p. :bill. ;c24 cm. aIncludes bibliographical references and index. aSpirituality and Religion in Counseling: Competency-Based Strategies for Ethical Practice provides mental health professionals and counselors in training with practical information for understanding and responding to clients’ needs using a spiritual and religious framework. This work conceptualizes spiritual and faith development in a holistic way, using case examples and practical interventions to consider common issues through a variety of approaches and frameworks. This is an essential compendium of actionable strategies and solutions for counselors looking to address clients’ complex spiritual and religious lives and foster meaningful faith development. 7aCounselingxReligious aspects.2BUEsh 7aCounseling psychology.2BUEsh 2BUEsh bHHUUPPSScMarch20191 aGill, Carman S.,eeditor.1 aFreund, Robert R.,eeditor.08iPrint version :z9781138282018 2ddc 00102ddc40708AlahramaMAINbMAINcLOWd2019-03-23ePurchaseg610.00h525l0o158.3 SPIp000043278r2025-07-15 00:00:00v762.50yBB